Pays d’Afrique - Mort subite - Statistiques

Statistiques générales
  • Ce quiz a été pris 336 322 fois
    335 172 depuis la dernière actualisation
  • Le résultat moyen est 13 sur 24
Answers on the Grid
Answers color-coded by a green-red scale on the quiz's grid according to % correct below.
Togo
Tanzanie
Burundi
Nigeria
Cap-Vert
Namibie
Zambie
Cameroun
Comores
Erythrée
Djibouti
Madagascar
Ouganda
Soudan
Maurice
Somalie
Libéria
Maroc
Sao Tomé-et-Principe
Lesotho
Eswatini
Libye
Guinée-Bissau
Malawi
Kalahari
Laos
Zanzibar
Bolivie
Palestine
Côte de l’Or
Soudan du Nord
Kigali
Mayotte
Belize
Koweit
Yémen
 
Statistiques - réponses
Réponse % Correct
Maroc
61%
Nigeria
61%
Cameroun
60%
Somalie
59%
Togo
59%
Zambie
59%
Madagascar
58%
Namibie
58%
Soudan
58%
Cap-Vert
57%
Ouganda
57%
Tanzanie
57%
Libye
56%
Guinée-Bissau
55%
Djibouti
54%
Erythrée
54%
Libéria
53%
Lesotho
52%
Burundi
51%
Comores
51%
Eswatini
50%
Malawi
49%
Maurice
44%
Sao Tomé-et-Principe
43%
Aucun quiz correspondant
Distribution des résultats
% des personnes avec chaque résultat
Percentile par nombre de réponses
Votre historique - résultats
Vous n’avez pas pris ce quiz depuis la dernière actualisation